| 000 | 01670nam a2200433Ii 4500 | ||
|---|---|---|---|
| 001 | DIGIMPED0071 | ||
| 003 | NyNyDIG | ||
| 006 | m o d | ||
| 007 | cr ||||||||||| | ||
| 008 | 221210s2017 sp o 000 f spa d | ||
| 035 | _a(OCoLC)1356297092 | ||
| 040 |
_aDGITA _beng _erda _epn _cDGITA |
||
| 020 |
_a9788417115050 _qePub |
||
| 020 | _z9788416542802 | ||
| 041 | 1 |
_aspa _hsrp |
|
| 050 | 1 | 4 | _aPG1419.32.E37 ebook |
| 100 | 1 |
_aVelikić, Dragan, _d1953- _eauthor. |
|
| 240 | 1 | 0 |
_aBonavia. _lSpanish _s(Garrido and Pištelek) |
| 245 | 1 | 0 |
_aBonavia / _cDragan Velikić ; traducción del serbio a cargo de Luisa Fernanda Garrido y Tihomir Pištelek. |
| 250 | _aPrimera edición digital en Impedimenta. | ||
| 264 | 1 |
_aMadrid : _bImpedimenta, _c[2017] |
|
| 300 | _a1 online resource. | ||
| 336 |
_atext _btxt _2rdacontent |
||
| 337 |
_acomputer _bc _2rdamedia |
||
| 338 |
_aonline resource _bcr _2rdacarrier |
||
| 347 |
_atext file _2rdaft |
||
| 347 | _bEPUB | ||
| 588 | 0 | _aOnline resource; title from ePub title page (Digitalia, viewed December 10, 2022) | |
| 655 | 7 |
_aFiction. _2lcgft |
|
| 700 | 1 |
_aGarrido, Luisa Fernanda, _etranslator. |
|
| 700 | 1 |
_aPištelek, Tihomir, _etranslator. |
|
| 700 | 1 |
_iTranslation of: _aVelikić, Dragan, _d1953- _tBonavia. |
|
| 791 | 2 |
_aDigitalia (Firm), _edistributor. |
|
| 793 | 0 |
_gDigitalia eBook Collection: _aImpedimenta |
|
| 776 | 0 | 8 |
_iPrint version: _aVelikić, Dragan, 1953- _sBonavia. Spanish (Garrido and Pištelek). _tBonavia. _dMadrid : Impedimenta, [2017] _z9788416542802 |
| 856 | 4 | 0 |
_3Digitalia Hispánica _uhttps://www.digitaliapublishing.com/a/50522/ |
| 910 | _aPremium collection: 2022 | ||
| 942 | _cRAA | ||
| 999 |
_c251768 _d251768 |
||